| 000 | 00595nac a22001571u 4500 | ||
|---|---|---|---|
| 008 | 080901s1974uar||||r000 000 0dara d | ||
| 082 |
_a269.92 _bج ع ف |
||
| 245 |
_aتراث التسترى الصوفى : _bدراسة وتحقيق / _cمحمد كمال ابراهيم جعفر . |
||
| 260 |
_aالقاهرة : _bمكتبة الشباب, _c[1975] |
||
| 300 |
_a2 مج؛ _c24 سم . |
||
| 504 | _aيشتمل على إرجاعات ببليوجرافية | ||
| 511 | _aCatalogued by: Sara | ||
| 541 |
_aالف باء _cشراء |
||
| 650 |
_98297 _aالتصوف. |
||
| 942 |
_cBB _k269.92 ج ع ف _2ddc |
||
| 999 |
_c7523 _d7523 |
||